La responsabilité pécuniaire des agents publics en droit Français /

Guardado en:
Autor Principal: Maestre, Jean-Claude
Formato: Libro
Idioma:Spanish
Publicado: Paris : Librairie generale de droit et de jurisprudence, 1962
Materias:
Etiquetas: Agregar Etiqueta
Sin Etiquetas, Sea el primero en etiquetar este registro!
LEADER 00480nam a22001335a 4500
001 DER.der003275
005 20070129000000.0
008 180615s1962####||||||||||||||||||||spa||
100 1 |a Maestre, Jean-Claude 
245 1 0 |a La responsabilité pécuniaire des agents publics en droit Français /  |c Jean-Claude Maestre 
260 |a Paris :  |b Librairie generale de droit et de jurisprudence,  |c 1962 
300 0 |a 354 p. 
653 |a FUNCIONARIOS PUBLICOS 
859 |a DERECHO  |b BIB. DERECHO  |h 350.991  |i MAE  |p 004909